[Event "GRE CupT final 41st"]
[Site "Peristeri"]
[Date "2023.08.23"]
[Round "1.1"]
[White "Malikentzos, Sotirios"]
[Black "Nikolaidis, Ioannis"]
[Result "1/2-1/2"]
[WhiteElo "2443"]
[BlackElo "2509"]
[PlyCount "72"]
[EventDate "2023.08.23"]
[EventType "team"]
[EventRounds "5"]
[EventCountry "GRE"]
[SourceTitle "CBM 215 Extra"]
[Source "ChessBase"]
[SourceDate "2023.09.30"]
[SourceVersion "1"]
[SourceVersionDate "2023.09.30"]
[SourceQuality "1"]
[WhiteTeam "Evoiki ES"]
[BlackTeam "Piraikos"]
[WhiteTeamCountry "GRE"]
[BlackTeamCountry "GRE"]

1. Nf3 d5 2. g3 Nd7 3. Bg2 e5 4. 0-0 Ngf6 5. d4 exd4 6. Nxd4 Bc5 7. Nb3 Be7 8. Bxd5 Nxd5 9. Qxd5 0-0 10. Nc3 c6 11. Qd3 a5 12. a4 Ne5 13. Qe4 Bf6 14. Rd1 Qc7 15. Qf4 Be7 16. Be3 g5 17. Bb6 gxf4 18. Bxc7 Nc4 19. Nd2 Nxb2 20. Rdb1 Bf6 21. Nde4 Bg7 22. Rxb2 f5 23. gxf4 fxe4 24. Be5 Bxe5 25. fxe5 e3 26. f3 Rf5 27. Ne4 Rxe5 28. Ra3 Bf5 29. Ng3 Bg6 30. Rxb7 Bxc2 31. Rc3 Bxa4 32. Rc4 Rb5 33. Rd7 Rb4 34. Nh5 Rxc4 35. Nf6+ Kf8 36. Nxh7+ Ke8 1/2-1/2

[Event "GRE-chT Cup Final"]
[Site "Thessaloniki"]
[Date "2021.12.19"]
[Round "3.1"]
[White "Malikentzos, Sotirios"]
[Black "Zimina, Olga"]
[Result "1-0"]
[WhiteElo "2430"]
[BlackElo "2354"]
[PlyCount "79"]
[EventDate "2021.12.18"]
[EventType "team-k.o."]
[EventRounds "5"]
[EventCountry "GRE"]
[SourceTitle "CBM 205 Extra"]
[Source "ChessBase"]
[SourceDate "2022.01.31"]
[SourceVersion "1"]
[SourceVersionDate "2022.01.31"]
[SourceQuality "1"]
[WhiteTeam "Evoiki ES"]
[BlackTeam "Peiraikos OS"]
[WhiteTeamCountry "GRE"]
[BlackTeamCountry "GRE"]

1. Nf3 d5 2. g3 Bg4 3. Bg2 c6 4. 0-0 Nf6 5. h3 Bh5 6. d4 e6 7. c4 Be7 8. Nc3 0-0 9. Ne5 Nfd7 10. g4 Nxe5 11. dxe5 Bg6 12. cxd5 cxd5 13. f4 h5 14. f5 Bh7 15. fxe6 Bc5+ 16. Kh1 fxe6 17. Rxf8+ Kxf8 18. gxh5 Nc6 19. Bf4 Qh4 20. e3 Bf5 21. Qf3 Ke7 22. Bg3 Qg5 23. Kh2 Rf8 24. Bf4 Qh4 25. Rf1 Ke8 26. Nb5 Bd3 27. Nc7+ Kd7 28. Nxe6 Bxf1 29. Nxc5+ Kc8 30. Qxd5 Rd8 31. Qf7 Rd2 32. Qxb7+ Kd8 33. Ne6+ Ke8 34. Nxg7+ Kf8 35. Ne6+ Ke8 36. Qxc6+ Kf7 37. Ng5+ Ke7 38. Qe6+ Kd8 39. Nf7+ Kc7 40. Qc6+ 1-0

[Event "GRE-chT 48th"]
[Site "Athens"]
[Date "2021.09.11"]
[Round "6.1"]
[White "Kofidis, Andreas"]
[Black "Malikentzos, Sotirios"]
[Result "0-1"]
[WhiteElo "2278"]
[BlackElo "2429"]
[PlyCount "54"]
[EventDate "2021.09.07"]
[EventType "team-swiss"]
[EventRounds "7"]
[EventCountry "GRE"]
[SourceTitle "CBM 204 Extra"]
[Source "ChessBase"]
[SourceDate "2021.11.30"]
[SourceVersion "1"]
[SourceVersionDate "2021.11.30"]
[SourceQuality "1"]
[WhiteTeam "Piraikos"]
[BlackTeam "Evoiki ES"]
[WhiteTeamCountry "GRE"]
[BlackTeamCountry "GRE"]

1. e4 c6 2. d4 d5 3. f3 Qb6 4. c3 e5 5. Bd3 Be6 6. Ne2 Nd7 7. 0-0 Ngf6 8. Kh1 Bd6 9. exd5 cxd5 10. dxe5 Nxe5 11. Nd4 0-0 12. a4 a6 13. Na3 Nc6 14. Nac2 Qc7 15. Bg5 Nh5 16. g3 Bh3 17. Rf2 g6 18. f4 Bd7 19. Qf3 Bc5 20. g4 Ng7 21. Bh6 Qb6 22. Qxd5 Nxd4 23. Nxd4 Bc6 24. Nxc6 bxc6 25. Qf3 Bxf2 26. f5 Rae8 27. fxg6 fxg6 0-1

[Event "GRE-chT Online Rapid op 1st"]
[Site "Tornelo INT"]
[Date "2021.02.21"]
[Round "5.4"]
[White "Kouskoutis, Georgios Alexandros"]
[Black "Malikentzos, Sotirios"]
[Result "1-0"]
[WhiteElo "2231"]
[BlackElo "2429"]
[PlyCount "103"]
[EventDate "2021.02.20"]
[EventType "team-swiss (rapid)"]
[EventRounds "9"]
[EventCountry "GRE"]
[SourceTitle "EXT 2023"]
[Source "ChessBase"]
[SourceDate "2022.10.05"]
[SourceVersion "1"]
[SourceVersionDate "2022.10.05"]
[SourceQuality "1"]

1. c4 e6 2. g3 d5 3. Bg2 Nf6 4. Nf3 dxc4 5. Qa4+ Nbd7 6. Qxc4 a6 7. 0-0 c5 8. b3 b5 9. Qc2 Bb7 10. Bb2 Be7 11. Nc3 0-0 12. Rac1 Qb6 13. Rfd1 Rac8 14. d3 Rfd8 15. a3 Nb8 16. Nd2 Bxg2 17. Kxg2 Nc6 18. Nce4 Nd7 19. Nf3 f5 20. Ned2 Qb7 21. Kg1 Rf8 22. e3 e5 23. b4 cxb4 24. Qb3+ Kh8 25. axb4 Bf6 26. e4 fxe4 27. dxe4 Nb6 28. Rc2 Qe7 29. Rdc1 Na7 30. Rxc8 Naxc8 31. Rc6 Na4 32. Re6 Qf7 33. Bxe5 Bxe5 34. Rxe5 Qa7 35. Qe3 Qxe3 36. fxe3 Ncb6 37. Re6 h6 38. Kf2 Nc4 39. Ke2 Nxd2 40. Nxd2 Nc3+ 41. Ke1 Na2 42. Rxa6 Nxb4 43. Rb6 Nc2+ 44. Kd1 Nxe3+ 45. Ke2 Ng4 46. h3 Nf2 47. h4 Nh1 48. g4 Rf4 49. g5 Rxh4 50. g6 Rh2+ 51. Ke3 Rh3+ 52. Kd4 1-0

[Event "GRE-chT Online Rapid op 1st"]
[Site "Tornelo INT"]
[Date "2021.02.20"]
[Round "4.1"]
[White "Malikentzos, Sotirios"]
[Black "Tassopoulos, Marios"]
[Result "1/2-1/2"]
[WhiteElo "2429"]
[BlackElo "2054"]
[PlyCount "109"]
[EventDate "2021.02.20"]
[EventType "team-swiss (rapid)"]
[EventRounds "9"]
[EventCountry "GRE"]
[SourceTitle "EXT 2023"]
[Source "ChessBase"]
[SourceDate "2022.10.05"]
[SourceVersion "1"]
[SourceVersionDate "2022.10.05"]
[SourceQuality "1"]

1. Nf3 d5 2. g3 Nf6 3. Bg2 e6 4. c4 Be7 5. d4 0-0 6. Nc3 dxc4 7. Ne5 Nc6 8. Bxc6 bxc6 9. Nxc6 Qe8 10. Nxe7+ Qxe7 11. Qa4 c5 12. dxc5 Qxc5 13. Be3 Qc7 14. 0-0-0 Bb7 15. f3 Nd5 16. Bd4 Rfd8 17. e4 Nxc3 18. Bxc3 Qc5 19. Qa5 Qxa5 20. Bxa5 Rd3 21. Rxd3 cxd3 22. Kd2 Ba6 23. Rc1 Rc8 24. Rxc8+ Bxc8 25. Kxd3 Kf8 26. Bc3 g6 27. Bd4 a6 28. Kc4 Ke7 29. Kc5 f5 30. Be5 Bd7 31. b4 Bb5 32. Kd4 Be2 33. Ke3 Bd1 34. Kf4 Bc2 35. h4 Bd1 36. g4 fxg4 37. Kxg4 h5+ 38. Kf4 Kd7 39. Ke3 Kc6 40. f4 Kb5 41. Bd6 Kc4 42. Kd2 Ba4 43. Bc5 Bc6 44. Ke3 Ba4 45. a3 Bc6 46. Be7 Ba4 47. Bd6 Bc6 48. Bf8 Ba4 49. e5 Bc2 50. Kd2 Ba4 51. Kc1 Bb3 52. Kd2 Ba4 53. Ke3 Bc2 54. Be7 Ba4 55. Bf8 1/2-1/2

[Event "GRE-ch 69th"]
[Site "Thessaloniki"]
[Date "2019.11.28"]
[Round "9"]
[White "Mitsis, Georgios"]
[Black "Malikentzos, Sotirios"]
[Result "1/2-1/2"]
[WhiteElo "2348"]
[BlackElo "2432"]
[PlyCount "62"]
[EventDate "2019.11.20"]
[EventType "tourn"]
[EventRounds "9"]
[EventCountry "GRE"]
[EventCategory "5"]
[SourceTitle "CBM 193 Extra"]
[Source "ChessBase"]
[SourceDate "2020.01.31"]
[SourceVersion "1"]
[SourceVersionDate "2020.01.31"]
[SourceQuality "1"]

1. d4 d5 2. Nf3 Nf6 3. c4 e6 4. g3 Be7 5. Bg2 0-0 6. 0-0 dxc4 7. Qc2 b5 8. a4 b4 9. Nbd2 Bb7 10. Nxc4 c5 11. Bg5 Be4 12. Qd2 cxd4 13. Qxd4 Nc6 14. Qxd8 Rfxd8 15. Nfe5 Bxg2 16. Kxg2 Nxe5 17. Nxe5 h6 18. Be3 Nd5 19. Nc6 Nxe3+ 20. fxe3 Re8 21. Nxe7+ Rxe7 22. Rf4 a5 23. Rc1 Rd7 24. Kf2 e5 25. Rfc4 Rd2 26. Rc8+ Rxc8 27. Rxc8+ Kh7 28. Rc5 f6 29. Rxa5 Rxb2 30. Rb5 b3 31. a5 Ra2 1/2-1/2

[Event "Thessaloniki-Chalkidiki CupT"]
[Site "Thessaloniki"]
[Date "2019.04.13"]
[Round "3.2"]
[White "Malikentzos, Sotirios"]
[Black "Tsekmes, Dimitrios"]
[Result "0-1"]
[WhiteElo "2428"]
[BlackElo "2138"]
[PlyCount "83"]
[EventDate "2019.02.09"]
[EventType "team-swiss"]
[EventRounds "5"]
[EventCountry "GRE"]
[SourceTitle "EXT 2021"]
[Source "ChessBase"]
[SourceDate "2020.10.23"]
[SourceVersion "1"]
[SourceVersionDate "2020.10.23"]
[SourceQuality "1"]

1. Nf3 Nf6 2. g3 d5 3. Bg2 e6 4. c4 Be7 5. d4 0-0 6. Nc3 dxc4 7. Ne5 Qd6 8. 0-0 Qa6 9. a4 c6 10. e4 Rd8 11. Be3 Nbd7 12. f4 Nc5 13. Qe2 Nb3 14. Rad1 b5 15. d5 exd5 16. exd5 b4 17. Nxc6 Bg4 18. Nxe7+ Kf8 19. Qf2 Bxd1 20. Nxd1 Kxe7 21. d6+ Qxd6 22. Qe2 Kf8 23. Bxa8 Rxa8 24. Qxc4 Nd2 25. Qc2 Nfe4 26. Bxd2 Nxd2 27. Rf2 Rd8 28. Qxh7 Qd4 29. Kg2 g6 30. f5 Qe4+ 31. Kh3 Nf3 32. Rxf3 Qxf3 33. Qh8+ Ke7 34. Qe5+ Kf8 35. Qh8+ Ke7 36. Qe5+ Kd7 37. Qd4+ Kc8 38. Qc5+ Kb8 39. Qe5+ Ka8 40. Ne3 Qh5+ 41. Kg2 Rd2+ 42. Kf1 0-1

[Event "Thessaloniki-Chalkidiki CupT"]
[Site "Thessaloniki"]
[Date "2019.03.16"]
[Round "2.3"]
[White "Malikentzos, Sotirios"]
[Black "Tsarouhas, Vasilios"]
[Result "1-0"]
[WhiteElo "2428"]
[BlackElo "2117"]
[PlyCount "111"]
[EventDate "2019.02.09"]
[EventType "team-swiss"]
[EventRounds "5"]
[EventCountry "GRE"]
[SourceTitle "EXT 2021"]
[Source "ChessBase"]
[SourceDate "2020.10.23"]
[SourceVersion "1"]
[SourceVersionDate "2020.10.23"]
[SourceQuality "1"]

1. Nf3 Nf6 2. g3 g6 3. b3 Bg7 4. Bb2 c5 5. c4 0-0 6. Bg2 Nc6 7. 0-0 d6 8. d4 cxd4 9. Nxd4 Bd7 10. Qd2 Qb6 11. e3 Qc5 12. Nc3 Qh5 13. Nde2 Ne5 14. f3 g5 15. Nd4 Rab8 16. f4 Nc6 17. Nd5 Nxd5 18. cxd5 Nxd4 19. Bxd4 b6 20. Bxg7 Kxg7 21. a4 Rfc8 22. Rfc1 a5 23. b4 gxf4 24. exf4 axb4 25. Qxb4 Qf5 26. Re1 Qf6 27. Ra2 Ra8 28. Bf1 Rc5 29. Qe4 Bf5 30. Qxe7 Qd4+ 31. Rf2 Rc2 32. Ree2 Rxe2 33. Bxe2 Rxa4 34. Qg5+ Bg6 35. f5 f6 36. Qg4 Qxf2+ 37. Kxf2 Rxg4 38. Bxg4 Be8 39. Ke3 Kf8 40. Bd1 Ke7 41. Kf4 b5 42. g4 Bf7 43. Ke4 Kd7 44. Bb3 Kc7 45. Kf4 Kb6 46. g5 Kc5 47. h4 Kb4 48. Bc2 Bxd5 49. g6 Bg8 50. Ke3 Kc3 51. Be4 Kc4 52. Bc6 d5 53. Be8 Kc3 54. Bf7 d4+ 55. Ke2 hxg6 56. fxg6 1-0

[Event "Thessaloniki Vardaris op 5th"]
[Site "Thessaloniki"]
[Date "2019.03.09"]
[Round "4"]
[White "Spyropoulos, Nikolaos"]
[Black "Malikentzos, Sotirios"]
[Result "1-0"]
[WhiteElo "2385"]
[BlackElo "2450"]
[PlyCount "59"]
[EventDate "2019.03.07"]
[EventType "swiss"]
[EventRounds "7"]
[EventCountry "GRE"]
[SourceTitle "CBM 189 Extra"]
[Source "ChessBase"]
[SourceDate "2019.06.03"]
[SourceVersion "1"]
[SourceVersionDate "2019.06.03"]
[SourceQuality "1"]

1. e4 c6 2. d4 d5 3. e5 c5 4. dxc5 e6 5. a3 Nc6 6. Nf3 Bxc5 7. b4 Bb6 8. Bb2 Nge7 9. Bd3 Ng6 10. 0-0 0-0 11. Re1 f6 12. exf6 gxf6 13. c4 Nf4 14. Nc3 Nxd3 15. Qxd3 dxc4 16. Qxc4 Nd4 17. Nxd4 Qxd4 18. Qb3 Qxf2+ 19. Kh1 Qf5 20. Ne4 Bc7 21. Rac1 Be5 22. Rc5 b6 23. Rxe5 fxe5 24. Qg3+ Qg6 25. Qxe5 Kf7 26. Nf6 Re8 27. Rf1 Ba6 28. b5 Qd3 29. Qh5+ Ke7 30. Rd1 1-0

[Event "Thessaloniki Vardaris op 5th"]
[Site "Thessaloniki"]
[Date "2019.03.07"]
[Round "1"]
[White "Malikentzos, Sotirios"]
[Black "Sredojevic, Ivan"]
[Result "1-0"]
[WhiteElo "2450"]
[BlackElo "2271"]
[PlyCount "135"]
[EventDate "2019.03.07"]
[EventType "swiss"]
[EventRounds "7"]
[EventCountry "GRE"]
[SourceTitle "CBM 189 Extra"]
[Source "ChessBase"]
[SourceDate "2019.06.03"]
[SourceVersion "1"]
[SourceVersionDate "2019.06.03"]
[SourceQuality "1"]

1. Nf3 Nf6 2. g3 g6 3. b3 Bg7 4. Bb2 0-0 5. Bg2 d6 6. d4 c5 7. c4 Nc6 8. 0-0 cxd4 9. Nxd4 Bd7 10. Qd2 Rc8 11. Rd1 Nxd4 12. Bxd4 Bc6 13. Nc3 Bxg2 14. Kxg2 a6 15. Qb2 Nd7 16. Bxg7 Kxg7 17. e4 Kg8 18. f4 b5 19. cxb5 axb5 20. Rac1 Rc5 21. Nd5 Rxc1 22. Rxc1 e6 23. Nb4 Qa8 24. Qd4 Nc5 25. Re1 Rc8 26. Re2 Rd8 27. Kg1 Na6 28. Nd3 Qc6 29. h4 Qc7 30. h5 e5 31. Qe3 Nc5 32. Nb4 exf4 33. gxf4 Qd7 34. Nd5 Qg4+ 35. Kf1 Nd7 36. hxg6 hxg6 37. Qc3 Re8 38. Qd4 f6 39. Ke1 Kf7 40. Kd2 Rc8 41. Qe3 Rc5 42. Rh2 Kg7 43. Qf2 b4 44. Ne3 Qe6 45. Qh4 Nf8 46. f5 Qe5 47. Qh8+ Kf7 48. fxg6+ Ke8 49. Nc4 Qg5+ 50. Kc2 Qxg6 51. Kb2 Ke7 52. Nxd6 Qg1 53. Nf5+ Ke8 54. Qh5+ Ng6 55. Rc2 Rxc2+ 56. Kxc2 Kd7 57. Qh7+ Ke6 58. Qg8+ Ke5 59. Qd5+ Kf4 60. Qd2+ Kxe4 61. Nd6+ Kf3 62. Qd5+ Kg3 63. Ne4+ Kh4 64. Nd2 Ne5 65. Qxe5 fxe5 66. Nf3+ Kg3 67. Nxg1 Kf2 68. Nh3+ 1-0

[Event "EU-Cup 34th"]
[Site "Porto Carras"]
[Date "2018.10.17"]
[Round "6.6"]
[White "Roiz, Michael"]
[Black "Malikentzos, Sotirios"]
[Result "1-0"]
[WhiteElo "2607"]
[BlackElo "2441"]
[PlyCount "71"]
[EventDate "2018.10.12"]
[EventType "team-swiss"]
[EventRounds "7"]
[EventCountry "GRE"]
[SourceTitle "CBM 187"]
[Source "ChessBase"]
[SourceDate "2018.12.11"]
[SourceVersion "1"]
[SourceVersionDate "2018.12.11"]
[SourceQuality "1"]
[WhiteTeam "Beer Sheva"]
[BlackTeam "Thessaloniki ES"]
[WhiteTeamCountry "ISR"]
[BlackTeamCountry "GRE"]

1. c4 e6 2. g3 d5 3. Bg2 Nf6 4. d4 Bb4+ 5. Bd2 a5 6. Qc2 0-0 7. Nf3 dxc4 8. Qxc4 Bxd2+ 9. Nbxd2 b6 10. Qc2 Ba6 11. Ne4 Nxe4 12. Qxe4 Ra7 13. 0-0 Nd7 14. Qe3 Bb7 15. Rfd1 Qa8 16. Rac1 c5 17. dxc5 Nxc5 18. Rd6 Bc6 19. Ne1 Rc7 20. Rxc6 Rxc6 21. Nd3 Qc8 22. Bxc6 Qxc6 23. Nxc5 bxc5 24. Rxc5 Qb7 25. Rxa5 Qxb2 26. Qf3 Qb8 27. a4 h6 28. Rb5 Qe8 29. Qb7 Qd8 30. a5 Qd1+ 31. Kg2 Qxe2 32. a6 Qa2 33. a7 Qa4 34. Rb6 Qe8 35. Qb8 Qa4 36. Qxf8+ 1-0

[Event "EU-Cup 34th"]
[Site "Porto Carras"]
[Date "2018.10.13"]
[Round "2.3"]
[White "Nikolovski, Nikola"]
[Black "Malikentzos, Sotirios"]
[Result "1-0"]
[WhiteElo "2369"]
[BlackElo "2441"]
[PlyCount "119"]
[EventDate "2018.10.12"]
[EventType "team-swiss"]
[EventRounds "7"]
[EventCountry "GRE"]
[SourceTitle "CBM 187"]
[Source "ChessBase"]
[SourceDate "2018.12.11"]
[SourceVersion "1"]
[SourceVersionDate "2018.12.11"]
[SourceQuality "1"]
[WhiteTeam "Gambit Asseco See"]
[BlackTeam "Thessaloniki ES"]
[WhiteTeamCountry "MKD"]
[BlackTeamCountry "GRE"]

1. e4 e6 2. d4 d5 3. Nc3 Bb4 4. e5 c5 5. a3 Ba5 6. b4 cxd4 7. Nb5 Bc7 8. f4 Bd7 9. Nf3 Bxb5 10. Bxb5+ Nc6 11. 0-0 Nge7 12. Bd3 Nf5 13. Qe2 Bb6 14. Bd2 Qd7 15. Kh1 g6 16. Rfb1 0-0 17. b5 Na5 18. Bb4 Rfc8 19. g4 Ne3 20. Rg1 Nac4 21. Qf2 Nb2 22. Qh4 Nxd3 23. cxd3 Bc5 24. Ng5 Bxb4 25. axb4 f6 26. exf6 Rf8 27. b6 h6 28. Qxh6 Rxf6 29. bxa7 b5 30. Nf3 Rxa7 31. Ne5 Qh7 32. Qg5 Rxa1 33. Qxf6 Qa7 34. Qxe6+ Kg7 35. Qxg6+ Kf8 36. Qh6+ Kg8 37. Qg5+ Kf8 38. Qf6+ Kg8 39. Qe6+ Kg7 40. Qg6+ Kf8 41. Qf6+ Kg8 42. Qd8+ Kg7 43. Qd7+ Qxd7 44. Nxd7 Rxg1+ 45. Kxg1 Nxg4 46. Ne5 Ne3 47. Kf2 Kf6 48. Kf3 Nc2 49. Nc6 Kf5 50. h3 Ne1+ 51. Ke2 Ng2 52. Nxd4+ Kxf4 53. Kf2 Nh4 54. Nxb5 Nf5 55. Nc3 Ke5 56. Ne2 d4 57. Kf3 Kd5 58. Kf4 Nh4 59. Kg4 Ng6 60. Nf4+ 1-0

[Event "Anogia op 7th"]
[Site "Anogia"]
[Date "2018.08.21"]
[Round "6"]
[White "Malikentzos, Sotirios"]
[Black "Kapnisis, Spyridon"]
[Result "1-0"]
[WhiteElo "2431"]
[BlackElo "2471"]
[PlyCount "73"]
[EventDate "2018.08.17"]
[EventType "swiss"]
[EventRounds "9"]
[EventCountry "GRE"]
[SourceTitle "CBM 186 Extra"]
[Source "ChessBase"]
[SourceDate "2018.08.24"]
[SourceVersion "1"]
[SourceVersionDate "2018.08.24"]
[SourceQuality "1"]

1. Nf3 Nf6 2. g3 g6 3. b3 d5 4. c4 d4 5. Bb2 c5 6. b4 Bg7 7. d3 0-0 8. Nbd2 Re8 9. Bg2 e5 10. bxc5 Na6 11. Nb3 Nd7 12. Nfd2 Ndxc5 13. Nxc5 Nxc5 14. Ba3 e4 15. Bxc5 exd3 16. e4 dxe3 17. Bxe3 Qd4 18. 0-0 Rxe3 19. Nb3 Qe5 20. fxe3 Qxe3+ 21. Kh1 Bxa1 22. Qxa1 Be6 23. Qc1 Qe2 24. Nd4 Qxa2 25. Nxe6 d2 26. Qd1 fxe6 27. Qe2 Qa6 28. Qxd2 Qxc4 29. Rc1 Qb3 30. Qe1 Rf8 31. h4 b5 32. Qe5 b4 33. Kh2 Qa2 34. h5 Qd2 35. Rc7 Rf7 36. Qxe6 Qf2 37. h6 1-0

[Event "Anogia op 7th"]
[Site "Anogia"]
[Date "2018.08.18"]
[Round "2"]
[White "Malikentzos, Sotirios"]
[Black "Tsekmes, Dimitrios"]
[Result "1/2-1/2"]
[WhiteElo "2431"]
[BlackElo "2162"]
[PlyCount "137"]
[EventDate "2018.08.17"]
[EventType "swiss"]
[EventRounds "9"]
[EventCountry "GRE"]
[SourceTitle "CBM 186 Extra"]
[Source "ChessBase"]
[SourceDate "2018.08.24"]
[SourceVersion "1"]
[SourceVersionDate "2018.08.24"]
[SourceQuality "1"]

1. Nf3 Nf6 2. g3 d5 3. Bg2 e6 4. 0-0 Be7 5. c4 0-0 6. d4 dxc4 7. Qc2 c6 8. a4 b6 9. Rd1 Na6 10. Qxc4 Nb4 11. Nc3 a5 12. Bg5 Ba6 13. Qb3 h6 14. Bxf6 Bxf6 15. Rac1 Rc8 16. h4 Qc7 17. Rd2 Rfd8 18. Qd1 Qb8 19. e4 Rd7 20. Bf1 Bxf1 21. Kxf1 Rcd8 22. e5 Be7 23. Ne4 Qb7 24. Qe2 c5 25. dxc5 Rxd2 26. Nexd2 Bxc5 27. Ne4 Qd5 28. Nc3 Qb3 29. Kg2 Na2 30. Nxa2 Qxa2 31. Qb5 Qd5 32. Rc2 Qe4 33. Re2 Qb7 34. g4 Rd4 35. Kg3 Rb4 36. Qd3 Qd5 37. Qxd5 exd5 38. g5 Rxa4 39. Rd2 d4 40. h5 Kf8 41. gxh6 gxh6 42. Nh4 Ra2 43. f4 a4 44. Nf3 a3 45. bxa3 Rxd2 46. Nxd2 Bxa3 47. Kf3 Bc1 48. Nb3 d3 49. f5 Bg5 50. Nd4 Ke7 51. Nc6+ Kd7 52. Nb4 d2 53. Ke2 b5 54. Kd1 Kc7 55. Kc2 Kb6 56. f6 Kc5 57. e6 fxe6 58. f7 Be7 59. Nd3+ Kd6 60. Nf4 e5 61. Ng6 Ke6 62. f8Q Bxf8 63. Nxf8+ Kf5 64. Nd7 e4 65. Kxd2 Kg5 66. Nc5 Kxh5 67. Nxe4 Kg4 68. Kc3 Kf4 69. Nf6 1/2-1/2

[Event "GRE-chT 46th"]
[Site "Rio Achaia"]
[Date "2018.07.15"]
[Round "7.2"]
[White "Souleidis, Georgios"]
[Black "Malikentzos, Sotirios"]
[Result "1-0"]
[WhiteElo "2415"]
[BlackElo "2420"]
[PlyCount "105"]
[EventDate "2018.07.10"]
[EventType "team"]
[EventRounds "7"]
[EventCountry "GRE"]
[SourceTitle "CBM 185 Extra"]
[Source "ChessBase"]
[SourceDate "2018.07.29"]
[SourceVersion "1"]
[SourceVersionDate "2018.07.29"]
[SourceQuality "1"]
[WhiteTeam "Heraklion"]
[BlackTeam "Thessaloniki"]
[WhiteTeamCountry "GRE"]
[BlackTeamCountry "GRE"]

1. e4 e5 2. Bc4 Nf6 3. d3 c6 4. Nf3 d5 5. Bb3 Bd6 6. exd5 Nxd5 7. 0-0 0-0 8. Re1 Nd7 9. Bg5 Qc7 10. Na3 Bxa3 11. bxa3 f6 12. c4 Ne7 13. c5+ Kh8 14. Be3 Ng6 15. h4 Ne7 16. d4 e4 17. Nd2 f5 18. Bg5 Nd5 19. f3 N7f6 20. fxe4 fxe4 21. Nxe4 Bg4 22. Qd2 Rad8 23. Nd6 Rxd6 24. cxd6 Qxd6 25. Re5 Bd7 26. Bxd5 Nxd5 27. Rae1 Rf7 28. Qd3 h6 29. Bd2 Kg8 30. Qg3 Kh7 31. Qd3+ g6 32. Rf1 Bf5 33. Qb3 h5 34. Bg5 Kg7 35. Qb2 b5 36. Qc1 Nc7 37. Qc5 Qxc5 38. Rxc5 Ne6 39. Rxc6 Nxd4 40. Ra6 Ne2+ 41. Kh2 Rc7 42. Rf2 Bd3 43. Re6 Nc3 44. Bf4 Rc4 45. Be5+ Kh6 46. Bxc3 Rxc3 47. Rf3 Bc4 48. Rxg6+ Kxg6 49. Rxc3 Bxa2 50. Rc6+ Kf5 51. Rc5+ Kg4 52. Rxb5 Kxh4 53. Ra5 1-0

[Event "GRE-chT 46th"]
[Site "Rio Achaia"]
[Date "2018.07.13"]
[Round "5.2"]
[White "Malikentzos, Sotirios"]
[Black "Naoum, Spyridon"]
[Result "1-0"]
[WhiteElo "2420"]
[BlackElo "2335"]
[PlyCount "79"]
[EventDate "2018.07.10"]
[EventType "team"]
[EventRounds "7"]
[EventCountry "GRE"]
[SourceTitle "CBM 185 Extra"]
[Source "ChessBase"]
[SourceDate "2018.07.29"]
[SourceVersion "1"]
[SourceVersionDate "2018.07.29"]
[SourceQuality "1"]
[WhiteTeam "Thessaloniki"]
[BlackTeam "Chania"]
[WhiteTeamCountry "GRE"]
[BlackTeamCountry "GRE"]

1. Nf3 Nf6 2. g3 g6 3. b3 Bg7 4. Bb2 0-0 5. Bg2 d6 6. d4 c6 7. 0-0 Re8 8. Re1 Qa5 9. e4 d5 10. e5 Ne4 11. Nbd2 Bf5 12. h3 Bh6 13. Nxe4 Bxe4 14. Nh4 Bxg2 15. Kxg2 c5 16. e6 f6 17. Qg4 Bg5 18. Nxg6 hxg6 19. h4 Nc6 20. hxg5 Kg7 21. Rh1 Rh8 22. dxc5 Qxc5 23. gxf6+ exf6 24. Qg5 Qe7 25. Qxd5 Rad8 26. Qe4 Rde8 27. Rxh8 Rxh8 28. Rd1 Re8 29. Qg4 Rd8 30. Re1 Rd2 31. Qh4 Rd8 32. Rh1 Qxe6 33. Qh7+ Kf8 34. Ba3+ Ke8 35. Qxg6+ Kd7 36. Rh7+ Kc8 37. Qf7 Qxf7 38. Rxf7 Nd4 39. Rxf6 Nxc2 40. Bc5 1-0

[Event "GRE CupT final 36th"]
[Site "Rio Achaia"]
[Date "2018.07.08"]
[Round "1.2"]
[White "Makropoulou, Marina"]
[Black "Malikentzos, Sotirios"]
[Result "0-1"]
[WhiteElo "2135"]
[BlackElo "2420"]
[PlyCount "84"]
[EventDate "2018.07.08"]
[EventType "team-k.o."]
[EventRounds "3"]
[EventCountry "GRE"]
[SourceTitle "CBM 185 Extra"]
[Source "ChessBase"]
[SourceDate "2018.07.29"]
[SourceVersion "1"]
[SourceVersionDate "2018.07.29"]
[SourceQuality "1"]
[WhiteTeam "No Kalamata Poseidon"]
[BlackTeam "Thessaloniki"]
[WhiteTeamCountry "GRE"]
[BlackTeamCountry "GRE"]

1. e4 e6 2. d4 d5 3. Nc3 Bb4 4. e5 c5 5. Bd2 Ne7 6. Nf3 Nbc6 7. Nb5 Bxd2+ 8. Qxd2 0-0 9. dxc5 b6 10. cxb6 Qxb6 11. Bd3 Ng6 12. Bxg6 Qxb5 13. a4 Qb8 14. Qc3 hxg6 15. Qxc6 Qxb2 16. 0-0 Rb8 17. h3 Rb6 18. Qc7 Rb7 19. Qc5 Qb4 20. Qe3 Rc7 21. Rfb1 Qc3 22. Qf4 Rc4 23. Qg5 a5 24. Ra2 Rb4 25. Rxb4 Qxb4 26. Kh2 Bd7 27. c3 Qxc3 28. Qe7 Qc4 29. Rd2 Qf4+ 30. g3 Qxf3 31. Qxd7 Qc3 32. Re2 Rc8 33. Re3 Qc6 34. Qa7 Qxa4 35. Rf3 Rf8 36. Rf4 Qa1 37. h4 Qxe5 38. Qxa5 Qe2 39. Qa7 e5 40. Ra4 d4 41. Ra2 Qf3 42. Qc5 Rb8 0-1

[Event "Thessaloniki Triandria op 11th"]
[Site "Thessaloniki"]
[Date "2018.04.11"]
[Round "4"]
[White "Papadopoulos, Panayotis"]
[Black "Malikentzos, Sotirios"]
[Result "0-1"]
[WhiteElo "2199"]
[BlackElo "2428"]
[PlyCount "90"]
[EventDate "2018.04.09"]
[EventType "swiss"]
[EventRounds "9"]
[EventCountry "GRE"]
[SourceTitle "CBM 183 Extra"]
[Source "ChessBase"]
[SourceDate "2018.04.19"]
[SourceVersion "1"]
[SourceVersionDate "2018.04.19"]
[SourceQuality "1"]

1. d4 Nf6 2. Nf3 d5 3. c4 e6 4. cxd5 exd5 5. Nc3 c6 6. Bg5 Bf5 7. e3 Nbd7 8. Bd3 Bxd3 9. Qxd3 Be7 10. 0-0 0-0 11. a3 a5 12. Qc2 Ne8 13. Bxe7 Qxe7 14. b4 Nb6 15. b5 c5 16. dxc5 Qxc5 17. Rfc1 Nd6 18. Qd1 Ndc4 19. Na4 Nxa4 20. Qxa4 Qe7 21. Qd1 Rfd8 22. a4 Rac8 23. Nd4 g6 24. Qe1 Qf6 25. Nb3 Qb6 26. Qc3 Re8 27. h4 h5 28. Qd4 Qd6 29. Qc3 Re4 30. Nxa5 Rxh4 31. g3 Rg4 32. Nxc4 Rcxc4 33. Qd2 h4 34. Rxc4 Rxc4 35. Kg2 hxg3 36. fxg3 Qc5 37. Ra2 d4 38. exd4 Rxd4 39. Qe2 Qd5+ 40. Kf2 Rd1 41. a5 Qd4+ 42. Kg2 Qg1+ 43. Kh3 Qh1+ 44. Kg4 Rd4+ 45. Kg5 Rd5+ 0-1